Understanding Psychology (Record no. 226977)

MARC details
000 -LEADER
fixed length control field 00883nam a22002297a 4500
005 - DATE AND TIME OF LATEST TRANSACTION
control field 20230320100134.0
008 - FIXED-LENGTH DATA ELEMENTS--GENERAL INFORMATION
fixed length control field 230310b ||||| |||| 00| 0 eng d
020 ## - INTERNATIONAL STANDARD BOOK NUMBER
International Standard Book Number 9789353062866
040 ## - CATALOGING SOURCE
Transcribing agency AL
041 ## - LANGUAGE CODE
Language code of text/sound track or separate title eng
082 ## - DEWEY DECIMAL CLASSIFICATION NUMBER
Edition number 23
Classification number 150
Item number MORU
100 ## - MAIN ENTRY--PERSONAL NAME
Personal name Charles G Morris
9 (RLIN) 74980
245 ## - TITLE STATEMENT
Title Understanding Psychology
250 ## - EDITION STATEMENT
Edition statement 11th ed.
260 ## - PUBLICATION, DISTRIBUTION, ETC.
Place of publication, distribution, etc. India
Name of publisher, distributor, etc. Pearson
Date of publication, distribution, etc. 2019
300 ## - PHYSICAL DESCRIPTION
Extent xvi,540p.
Other physical details PB
Dimensions 25x19.5cm.
365 ## - TRADE PRICE
Source of price type code General
Price type code 8202
Price amount ₹854.00
Currency code
Unit of pricing ₹1095.00
Price note 22%
Price effective from 3-03-2023
520 ## - SUMMARY, ETC.
Summary, etc. The science of psychology; biological basis of behavior; sensation and perception; states of consciousness; learning; memory; motivation and emotion; life span development; personality; stress and health psycchology<br/>psychological disorders; therapies;social psychology.
650 ## - SUBJECT ADDED ENTRY--TOPICAL TERM
Topical term or geographic name entry element Psychology
9 (RLIN) 74981
700 ## - ADDED ENTRY--PERSONAL NAME
Personal name Maisto, Albert A.
9 (RLIN) 74982
942 ## - ADDED ENTRY ELEMENTS (KOHA)
Source of classification or shelving scheme Dewey Decimal Classification
Koha item type Book
Holdings
Withdrawn status Lost status Source of classification or shelving scheme Damaged status Not for loan Collection code Home library Current library Date acquired Source of acquisition Cost, normal purchase price Total Checkouts Full call number Barcode Date due Date last seen Date last checked out Cost, replacement price Price effective from Koha item type
    Dewey Decimal Classification     Corporate Psychology St Aloysius PG Library St Aloysius PG Library 03/08/2023 Biblios BookPoint 854.00 2 150 MORU PG024291 03/31/2025 12/18/2024 12/18/2024 1095.00 03/10/2023 Book